000 00700nam a22002177a 4500
003 OSt
005 20221028221554.0
008 221021b |||||||| |||| 00| 0 eng d
020 _a84-86459-30-3
040 _cBiblioteca LadoV
082 _a070.071
_bG463p
100 _9251
_aGil, Daniel
_ediseñador
245 _aEl Pais/
_bLibro de estilo/
260 _aEspaña
_c1990
_bEdiciones El Pais
300 _a526p.
_c15x23cm
650 _2Tesauro de Arte & Arquitectura
_aPERIODISMO
650 _2Tesauro de Arte & Arquitectura
_aEDUCACION
650 _2Tesauro de Arte & Arquitectura
_aENSEÑANZA
700 _aCao, Marian L. P.
_eautor
942 _2ddc
_c1
_h070.071
_iG463p
_n0
999 _c2421
_d2421